[Event "4NCL"]
[Site "Barcelo Hotel, Daventry, ENG"]
[Date "2010.11.07"]
[Round "2.44"]
[White "Spencer, Carl J"]
[Black "Cook, Michael P"]
[Result "1-0"]
[WhiteElo "2166"]
[BlackElo "2065"]
[PlyCount "81"]
[EventDate "2010.??.??"]
[WhiteTeam "Cambridge University 2"]
[BlackTeam "Anglian Avengers 1"]

1. e4 e5 2. Nf3 Nc6 3. d4 exd4 4. Nxd4 Bb4+ 5. c3 Be7 6. Nxc6 bxc6 7. Bd3 d6 8.
O-O Nf6 9. Nd2 O-O 10. Nf3 Bg4 11. Qa4 Bxf3 12. gxf3 Nd7 13. Be2 c5 14. f4 Nb6
15. Qc2 g6 16. Be3 Qc8 17. Kh1 Bf6 18. Rg1 Kh8 19. Rad1 Bg7 20. Rg3 Qe6 21. c4
Rab8 22. b3 Nd7 23. Bg4 f5 24. exf5 gxf5 25. Bh3 Nb6 26. Bg2 Nc8 27. Bd5 Qf6
28. Rdg1 c6 29. Bxc6 Ne7 30. Bf3 Ng6 31. Bh5 Qe7 32. Bxg6 Qb7+ 33. R1g2 hxg6
34. Rxg6 Rf7 35. Qd3 Re8 36. h3 Qf3 37. Qxd6 Ree7 38. Kh2 Rd7 39. Qe6 Qh5 40.
Qe8+ Kh7 41. Rxg7+ 1-0

[Event "4NCL"]
[Site "Barcelo Hotel, Hinkley Island,"]
[Date "2011.01.15"]
[Round "3.11"]
[White "Spence, David J"]
[Black "Cobb, James E"]
[Result "1/2-1/2"]
[WhiteElo "2231"]
[BlackElo "2392"]
[PlyCount "59"]
[EventDate "2011.??.??"]
[WhiteTeam "Anglian Avengers 1"]
[BlackTeam "South Wales Dragons"]

1. e4 e6 2. d4 d5 3. Nc3 Nf6 4. e5 Nfd7 5. f4 c5 6. Nf3 Nc6 7. Be3 a6 8. Qd2 b5
9. a3 Bb7 10. Ne2 Be7 11. g4 O-O 12. Bg2 cxd4 13. Nexd4 Nxd4 14. Nxd4 Bh4+ 15.
Kf1 Be7 16. Kg1 Nc5 17. Rf1 f6 18. exf6 Bxf6 19. g5 Bxd4 20. Qxd4 Rc8 21. h4
Qe7 22. Rh2 Ne4 23. Bxe4 dxe4 24. Qb4 Qf7 25. h5 Rc4 26. Qd6 Rc6 27. Qd4 Rc4
28. Qd6 Rc6 29. Qd4 Rc4 30. Qd6 1/2-1/2

[Event "4NCL"]
[Site "Barcelo Hotel, Hinkley Island,"]
[Date "2011.01.15"]
[Round "3.12"]
[White "Cooper, John G"]
[Black "Talsma, Paul A"]
[Result "1/2-1/2"]
[WhiteElo "2363"]
[BlackElo "2260"]
[PlyCount "56"]
[EventDate "2011.??.??"]
[WhiteTeam "South Wales Dragons"]
[BlackTeam "Anglian Avengers 1"]

1. Nf3 f5 2. g3 Nf6 3. Bg2 g6 4. d4 Bg7 5. c4 d6 6. b3 O-O 7. Bb2 Na6 8. O-O
Qe8 9. Qc2 c6 10. Nbd2 Rb8 11. Bc3 b5 12. a3 Bd7 13. Rfe1 bxc4 14. bxc4 c5 15.
d5 h6 16. e4 fxe4 17. Nxe4 Qf7 18. Nfd2 Ng4 19. Re2 g5 20. h3 Ne5 21. Rf1 Qh5
22. g4 Qg6 23. Rfe1 h5 24. Bxe5 Bxe5 25. Nf3 Bf4 26. Nexg5 Qxc2 27. Rxc2 hxg4
28. hxg4 Bxg4 1/2-1/2

[Event "4NCL"]
[Site "Barcelo Hotel, Hinkley Island,"]
[Date "2011.01.15"]
[Round "3.13"]
[White "Munson, Shaun D"]
[Black "Zeidler, Sven P"]
[Result "1-0"]
[WhiteElo "2201"]
[BlackElo "2247"]
[PlyCount "87"]
[EventDate "2011.??.??"]
[WhiteTeam "Anglian Avengers 1"]
[BlackTeam "South Wales Dragons"]

1. d4 f5 2. e4 fxe4 3. Nc3 Nf6 4. Bg5 b6 5. Nh3 Bb7 6. Nf4 e6 7. Bb5 Bd6 8.
Nxe6 Qe7 9. Nf4 c6 10. Bc4 Bxf4 11. Bxf4 Qb4 12. Bb3 d5 13. O-O Nbd7 14. Qd2
Qe7 15. f3 O-O-O 16. fxe4 dxe4 17. Qe2 Nf8 18. Rad1 Ng6 19. Bg3 Rhe8 20. Bc4
Rd7 21. d5 cxd5 22. Bb5 Bc6 23. Ba6+ Kd8 24. Kh1 Qe6 25. Nb5 Qg4 26. Qe3 Nh5
27. Nd4 Nxg3+ 28. hxg3 Ne5 29. Be2 Qg6 30. Kg1 Rd6 31. Qa3 a5 32. c4 Nd3 33.
Bxd3 exd3 34. Rxd3 Bb7 35. c5 Rf6 36. Rfd1 Ba6 37. R3d2 Ref8 38. Ne2 Bxe2 39.
Rxe2 Qf7 40. Ree1 Qb7 41. Qb3 Rf5 42. Qb5 d4 43. Rxd4+ Kc8 44. Re8+ 1-0

[Event "4NCL"]
[Site "Barcelo Hotel, Hinkley Island,"]
[Date "2011.01.15"]
[Round "3.14"]
[White "Redmond, John P"]
[Black "Player, Edmund C"]
[Result "0-1"]
[WhiteElo "2212"]
[BlackElo "2179"]
[PlyCount "51"]
[EventDate "2011.??.??"]
[WhiteTeam "South Wales Dragons"]
[BlackTeam "Anglian Avengers 1"]

1. c4 e5 2. Nc3 Nc6 3. Nf3 g6 4. d4 exd4 5. Nxd4 Bg7 6. Nxc6 bxc6 7. g3 Nf6 8.
Bg2 O-O 9. O-O Qe8 10. Bf4 Qe6 11. Rc1 Rb8 12. b3 Rb7 13. Qd2 Re8 14. Rfe1 Bf8
15. Qd3 Bc5 16. Na4 Bb4 17. Bd2 Ba3 18. Rc2 Rb8 19. b4 Bxb4 20. Rb1 Qe7 21. a3
d5 22. Rxb4 Bf5 23. e4 Nxe4 24. Qe3 d4 25. Qe1 Rxb4 26. Bxb4 {No further moves
were recorded} 0-1

[Event "4NCL"]
[Site "Barcelo Hotel, Hinkley Island,"]
[Date "2011.01.15"]
[Round "3.15"]
[White "Boulton, William JK"]
[Black "Morris, Charles F"]
[Result "1-0"]
[WhiteElo "2170"]
[BlackElo "2188"]
[PlyCount "61"]
[EventDate "2011.??.??"]
[WhiteTeam "Anglian Avengers 1"]
[BlackTeam "South Wales Dragons"]

1. d4 d5 2. c4 e6 3. Nc3 c5 4. Nf3 Nc6 5. cxd5 exd5 6. g3 Nf6 7. Bg2 Be7 8. O-O
O-O 9. Bg5 cxd4 10. Nb5 Bg4 11. Nbxd4 h6 12. Bf4 Qb6 13. Qd3 Ne4 14. a3 Bc5 15.
e3 Rfe8 16. b4 Bxd4 17. exd4 Bxf3 18. Qxf3 Nxd4 19. Qd3 Nc3 20. Kh1 Nde2 21.
Be3 d4 22. Bd2 Re7 23. f4 Rae8 24. f5 Qf6 25. a4 a6 26. b5 a5 27. Rf2 Qe5 28.
f6 Ne4 29. Rxe2 Nxg3+ 30. Qxg3 Qxe2 31. Qxg7# 1-0

[Event "4NCL"]
[Site "Barcelo Hotel, Hinkley Island,"]
[Date "2011.01.15"]
[Round "3.16"]
[White "James, David J"]
[Black "Gregory, Stephen J"]
[Result "1/2-1/2"]
[WhiteElo "2126"]
[BlackElo "2099"]
[PlyCount "84"]
[EventDate "2011.??.??"]
[WhiteTeam "South Wales Dragons"]
[BlackTeam "Anglian Avengers 1"]

1. Nf3 Nf6 2. c4 Nc6 3. d4 d6 4. Bg5 e5 5. Nc3 exd4 6. Nxd4 Be7 7. g3 O-O 8.
Bg2 Ne5 9. b3 a6 10. O-O Rb8 11. Qc2 h6 12. Bxf6 Bxf6 13. Nd5 c6 14. Nxf6+ Qxf6
15. Rad1 c5 16. Nf3 Nc6 17. Qd2 Rd8 18. Ne1 Nd4 19. Nc2 Nxc2 20. Qxc2 b5 21.
cxb5 axb5 22. Rd2 Ba6 23. Rfd1 g6 24. Bd5 b4 25. e4 Kg7 26. f4 Re8 27. Bc4 Bxc4
28. Qxc4 Rb6 29. Re2 Ra8 30. Qc1 Rba6 31. Rdd2 Qe7 32. Qf1 f6 33. Qf2 Qe6 34.
f5 Qf7 35. fxg6 Qxg6 36. Qf4 Qg5 37. Kf2 Qxf4+ 38. gxf4 Kf7 39. Ke3 Rg8 40. Rg2
Rxg2 41. Rxg2 Ra8 42. Kd3 Ke6 1/2-1/2

[Event "4NCL"]
[Site "Barcelo Hotel, Hinkley Island,"]
[Date "2011.01.15"]
[Round "3.17"]
[White "Gray, Mark S"]
[Black "Jameson, David"]
[Result "1/2-1/2"]
[WhiteElo "2084"]
[BlackElo "2054"]
[PlyCount "111"]
[EventDate "2011.??.??"]
[WhiteTeam "Anglian Avengers 1"]
[BlackTeam "South Wales Dragons"]

1. e4 e5 2. Nf3 Nc6 3. d4 exd4 4. Bc4 Bc5 5. c3 Nf6 6. e5 d5 7. Bb5 Ne4 8. cxd4
Bb6 9. O-O O-O 10. Bxc6 bxc6 11. Be3 f6 12. Nbd2 Bg4 13. Nxe4 dxe4 14. Qb3+ Qd5
15. Nd2 fxe5 16. dxe5 Rae8 17. Bxb6 cxb6 18. Nxe4 Rxe5 19. f3 Qxb3 20. axb3 Bf5
21. Nd6 Re7 22. b4 Bg6 23. Rfc1 Re6 24. Nc4 Rf7 25. Rd1 Rc7 26. Rd8+ Re8 27.
Rxe8+ Bxe8 28. Ne5 Re7 29. f4 g5 30. g3 gxf4 31. gxf4 Kg7 32. Kf2 Kf6 33. Re1
Re6 34. Ra1 Kf5 35. Kg3 Re7 36. Rc1 Ke4 37. Nxc6 Rg7+ 38. Kf2 Bxc6 39. Rxc6
Kxf4 40. Rc8 Rd7 41. Rc4+ Ke5 42. Ke3 Rg7 43. Rh4 Kd5 44. Kd3 Ke5 45. Ke3 Kf5
46. Rf4+ Kg5 47. Rc4 Rd7 48. Ke2 h5 49. h4+ Kf5 50. Ke3 Re7+ 51. Kf3 Rg7 52.
Rf4+ Ke5 53. Re4+ Kd5 54. Rf4 Ke5 55. Re4+ Kd5 56. Rf4 1/2-1/2

[Event "4NCL"]
[Site "Barcelo Hotel, Hinkley Island,"]
[Date "2011.01.15"]
[Round "3.18"]
[White "Wilson, Julie C"]
[Black "Merry, Alan B"]
[Result "0-1"]
[WhiteElo "1898"]
[BlackElo "1979"]
[PlyCount "74"]
[EventDate "2011.??.??"]
[WhiteTeam "South Wales Dragons"]
[BlackTeam "Anglian Avengers 1"]

1. d4 Nf6 2. c4 c5 3. d5 d6 4. Nc3 h6 5. e4 g5 6. Nge2 Nbd7 7. Ng3 Ne5 8. Be2
g4 9. Bd2 h5 10. Qc2 Bh6 11. O-O-O Bxd2+ 12. Qxd2 h4 13. Nf5 Bxf5 14. exf5 Qd7
15. Qc2 Rh5 16. h3 Qxf5 17. Qxf5 Rxf5 18. hxg4 Rxf2 19. Rxh4 O-O-O 20. g5 Nfd7
21. Bf1 Ng6 22. Rh7 Rg8 23. Ne4 Rf4 24. Re1 Ndf8 25. Rh6 Ne5 26. g3 Rf3 27.
Bh3+ Kd8 28. Bf1 Nfg6 29. Kc2 Ng4 30. Rh1 N6e5 31. b3 Ne3+ 32. Kd2 Nf5 33. Rh3
Ng4 34. Rh7 Nxg3 35. Nxg3 Rxg3 36. Rxf7 Ne5 37. g6 Nxf7 0-1

[Event "4NCL"]
[Site "Barcelo Hotel, Hinkley Island,"]
[Date "2011.01.15"]
[Round "3.21"]
[White "Chapman, Terry PD"]
[Black "Rees, Ioan"]
[Result "1-0"]
[WhiteElo "2250"]
[BlackElo "2319"]
[PlyCount "57"]
[EventDate "2011.??.??"]
[WhiteTeam "Barbican Youth"]
[BlackTeam "Rhyfelwyr Essyllwg"]

1. Nf3 c5 2. c4 Nf6 3. d4 cxd4 4. Nxd4 e5 5. Nb5 d5 6. cxd5 Bc5 7. N5c3 O-O 8.
g3 Bf5 9. Bg2 e4 10. O-O Re8 11. Be3 Qe7 12. Nd2 Na6 13. Nb3 Bxe3 14. fxe3 Qd7
15. Qd4 b6 16. Rad1 Rad8 17. d6 Bg6 18. Rd2 Qc6 19. Bh3 Nc5 20. Nd5 Qxd6 21.
Nxf6+ Qxf6 22. Qxf6 gxf6 23. Rxd8 Rxd8 24. Nd4 Rd6 25. b4 Na6 26. a3 Nc7 27.
Rc1 Nd5 28. Rc8+ Kg7 29. Nb5 1-0

[Event "4NCL"]
[Site "Barcelo Hotel, Hinkley Island,"]
[Date "2011.01.15"]
[Round "3.22"]
[White "Jones, Richard S"]
[Black "Hodgson, John H"]
[Result "1-0"]
[WhiteElo "2361"]
[BlackElo "2200"]
[PlyCount "75"]
[EventDate "2011.??.??"]
[WhiteTeam "Rhyfelwyr Essyllwg"]
[BlackTeam "Barbican Youth"]

1. e4 c5 2. Nf3 d6 3. d4 cxd4 4. Nxd4 Nf6 5. Nc3 g6 6. Be3 Bg7 7. f3 Nc6 8. Qd2
O-O 9. O-O-O d5 10. Kb1 Nxd4 11. e5 Nf5 12. exf6 exf6 13. Bc5 d4 14. Bxf8 Qxf8
15. Nb5 Ne3 16. Re1 f5 17. f4 Qc5 18. c3 Nxf1 19. Re8+ Bf8 20. Qxd4 Qxb5 21.
Qd8 Nd2+ 22. Kc2 Qxe8 23. Qxe8 Ne4 24. Rd1 Nf6 25. Qd8 Kg7 26. Qc7 Be6 27. Qxb7
Re8 28. Qxa7 Bd5 29. Rd2 Ra8 30. Qc7 Rxa2 31. c4 Be6 32. Qc6 Ne4 33. Rd8 Be7
34. Rb8 Nd6 35. Qc7 Kf6 36. Re8 Nxc4 37. Qxe7+ Kg7 38. Qf8+ 1-0

[Event "4NCL"]
[Site "Barcelo Hotel, Hinkley Island,"]
[Date "2011.01.15"]
[Round "3.23"]
[White "Taylor, Peter P"]
[Black "Kett, Timothy J"]
[Result "0-1"]
[WhiteElo "2226"]
[BlackElo "2202"]
[PlyCount "72"]
[EventDate "2011.??.??"]
[WhiteTeam "Barbican Youth"]
[BlackTeam "Rhyfelwyr Essyllwg"]

1. c4 e5 2. g3 Nf6 3. Bg2 d6 4. Nc3 g6 5. Nf3 Bg7 6. d4 Nbd7 7. O-O O-O 8. e4
exd4 9. Nxd4 Re8 10. h3 a6 11. Be3 Rb8 12. Rb1 Ne5 13. b3 Bd7 14. Kh2 b5 15.
cxb5 axb5 16. Nd5 c5 17. Ne2 Nxd5 18. Qxd5 Bc6 19. Qd2 c4 20. Rbd1 Nd3 21. Nf4
Nxf4 22. Bxf4 Bxe4 23. Bxe4 Rxe4 24. Qxd6 Qxd6 25. Rxd6 Rc8 26. Rb6 c3 27. Rxb5
Rxf4 28. gxf4 c2 29. a4 c1=Q 30. Rxc1 Rxc1 31. Rb8+ Bf8 32. a5 Ra1 33. b4 Ra4
34. Kg3 Rxb4 35. Rxb4 Bxb4 36. a6 Bc5 0-1

[Event "4NCL"]
[Site "Barcelo Hotel, Hinkley Island,"]
[Date "2011.01.15"]
[Round "3.24"]
[White "Brown, Tom"]
[Black "Coleman, David J"]
[Result "0-1"]
[WhiteElo "2070"]
[BlackElo "2258"]
[PlyCount "52"]
[EventDate "2011.??.??"]
[WhiteTeam "Rhyfelwyr Essyllwg"]
[BlackTeam "Barbican Youth"]

1. d4 Nf6 2. c4 Nc6 3. Nf3 e6 4. g3 d5 5. cxd5 exd5 6. Bg2 Bb4+ 7. Bd2 Bxd2+ 8.
Nbxd2 O-O 9. O-O Re8 10. Nb3 Qe7 11. Re1 a5 12. Nc5 Ne4 13. Rc1 h5 14. Nd2 Nxc5
15. Rxc5 Nb4 16. Bxd5 Nd3 17. Bxf7+ Qxf7 18. exd3 Bg4 19. f3 Qd7 20. Qb3+ Kh7
21. Rxe8 Qxd4+ 22. Kg2 Rxe8 23. Ne4 Rxe4 24. dxe4 Qd2+ 25. Kg1 Qe1+ 26. Kg2
Qe2+ 0-1

[Event "4NCL"]
[Site "Barcelo Hotel, Hinkley Island,"]
[Date "2011.01.15"]
[Round "3.25"]
[White "Regan, Natasha K"]
[Black "Morris, Gareth L"]
[Result "0-1"]
[WhiteElo "2134"]
[BlackElo "2131"]
[PlyCount "40"]
[EventDate "2011.??.??"]
[WhiteTeam "Barbican Youth"]
[BlackTeam "Rhyfelwyr Essyllwg"]

1. e4 c5 2. d4 cxd4 3. c3 dxc3 4. Nxc3 Nc6 5. Nf3 d6 6. Bc4 a6 7. O-O Nf6 8. b4
Bg4 9. b5 Bxf3 10. gxf3 axb5 11. Bxb5 g6 12. Qe2 Bg7 13. Rd1 Nh5 14. Bb2 O-O
15. Qe3 e6 16. a4 Qh4 17. Bxc6 bxc6 18. Rxd6 Be5 19. Rxc6 Qxh2+ 20. Kf1 Nf4 0-1

[Event "4NCL"]
[Site "Barcelo Hotel, Hinkley Island,"]
[Date "2011.01.15"]
[Round "3.26"]
[White "Young, Alan"]
[Black "Stewart, Ashley"]
[Result "1/2-1/2"]
[WhiteElo "2024"]
[BlackElo "1980"]
[PlyCount "189"]
[EventDate "2011.??.??"]
[WhiteTeam "Rhyfelwyr Essyllwg"]
[BlackTeam "Barbican Youth"]

1. e4 c5 2. c3 g6 3. d4 cxd4 4. cxd4 d5 5. Nc3 dxe4 6. Bc4 Nf6 7. Qb3 e6 8. d5
Qb6 9. Bg5 Qxb3 10. axb3 Bg7 11. Nb5 Na6 12. Nd6+ Ke7 13. Nxc8+ Rhxc8 14. Bxa6
bxa6 15. dxe6 fxe6 16. Ne2 h6 17. Be3 Nd5 18. Bd4 Bxd4 19. Nxd4 e5 20. Ne2 Rc2
21. Nc3 Nxc3 22. bxc3 Rxc3 23. O-O Rxb3 24. Rxa6 Rb6 25. Ra5 Ke6 26. g3 g5 27.
Re1 Kf6 28. Rxe4 Re6 29. Kg2 a6 30. h4 Rb8 31. Rea4 Rbb6 32. Ra1 gxh4 33. gxh4
Kf5 34. R1a4 Rg6+ 35. Kf3 Rb3+ 36. Ke2 Rb2+ 37. Kf3 Rb3+ 38. Ke2 Rbb6 39. Kf3
h5 40. Ra2 Rg4 41. Rxa6 Rxa6 42. Rxa6 Rxh4 43. Ra8 e4+ 44. Ke2 Rf4 45. Rf8+ Kg4
46. Rb8 h4 47. Ke3 Rf3+ 48. Kxe4 Rxf2 49. Rg8+ Kh3 50. Ke3 Rg2 51. Rh8 Kg3 52.
Rg8+ Kh2 53. Rh8 h3 54. Kf3 Rg3+ 55. Kf2 Ra3 56. Rg8 Ra2+ 57. Kf1 Ra1+ 58. Kf2
Kh1 59. Rh8 h2 60. Rg8 Rg1 61. Rh8 Rg7 62. Rh6 Rf7+ 63. Ke2 Rf5 64. Rg6 Rf7 65.
Rg8 Rb7 66. Kf2 Rb2+ 67. Kf1 Rb1+ 68. Kf2 Rg1 69. Rh8 Rg6 70. Rh7 Rf6+ 71. Ke2
Kg2 72. Rg7+ Kh3 73. Rh7+ Kg3 74. Rg7+ Kf4 75. Rh7 Ra6 76. Kf2 Ra2+ 77. Kf1 Kg5
78. Rh8 Kg6 79. Rh3 Kg5 80. Rh8 Kg4 81. Rg8+ Kh3 82. Rh8+ Kg3 83. Rg8+ Kf3 84.
Rf8+ Ke4 85. Re8+ Kd5 86. Rd8+ Ke6 87. Re8+ Kf7 88. Rh8 Kg7 89. Rh3 Rb2 90. Rh4
Kg6 91. Rh3 Kf5 92. Rh8 Kf4 93. Rf8+ Kg3 94. Rg8+ Kf3 95. Rf8+ 1/2-1/2

[Event "4NCL"]
[Site "Barcelo Hotel, Hinkley Island,"]
[Date "2011.01.15"]
[Round "3.27"]
[White "Sanders, Isaac B"]
[Black "Smith, Olivia"]
[Result "1-0"]
[WhiteElo "1989"]
[BlackElo "2004"]
[PlyCount "73"]
[EventDate "2011.??.??"]
[WhiteTeam "Barbican Youth"]
[BlackTeam "Rhyfelwyr Essyllwg"]

1. d4 Nf6 2. c4 e6 3. Nc3 d5 4. Nf3 c6 5. Bg5 Be7 6. e3 Nbd7 7. Bd3 O-O 8. O-O
Re8 9. a3 Nf8 10. Ne5 dxc4 11. Bxc4 Nd5 12. Bxe7 Qxe7 13. Ne4 f6 14. Nd3 Kh8
15. Bxd5 exd5 16. Ng3 Ng6 17. Re1 Qf7 18. Rc1 Nh4 19. a4 Nf5 20. Ne2 Nd6 21. a5
a6 22. b3 Re4 23. Ng3 Rh4 24. Nc5 Bg4 25. Qd2 Re8 26. e4 dxe4 27. Ncxe4 Nb5 28.
Qf4 Qc7 29. Nxf6 Rc8 30. Qg5 gxf6 31. Qxh4 Qg7 32. Re4 Rg8 33. Rf4 f5 34. h3
Be2 35. Re1 Bd3 36. Re7 Qg6 37. Rxh7+ 1-0

[Event "4NCL"]
[Site "Barcelo Hotel, Hinkley Island,"]
[Date "2011.01.15"]
[Round "3.28"]
[White "Blackburn, Suzy G"]
[Black "Cumming, Rhys"]
[Result "0-1"]
[WhiteElo "1944"]
[BlackElo "2008"]
[PlyCount "88"]
[EventDate "2011.??.??"]
[WhiteTeam "Rhyfelwyr Essyllwg"]
[BlackTeam "Barbican Youth"]

1. d4 Nf6 2. Nf3 g6 3. Bf4 Bg7 4. Nbd2 d5 5. e3 O-O 6. Bd3 b6 7. h3 c5 8. c3
Nc6 9. Bb5 Bb7 10. Qa4 Nb8 11. Ne5 a6 12. Be2 Nfd7 13. Ndf3 f6 14. Nxd7 Nxd7
15. O-O e5 16. dxe5 fxe5 17. Bg5 Qc7 18. Qh4 Rae8 19. Be7 Bf6 20. Bxf6 Nxf6 21.
g4 b5 22. Nh2 d4 23. g5 Ne4 24. Ng4 Qe7 25. f4 exf4 26. exf4 Nd2 27. Nf6+ Rxf6
28. gxf6 Qxe2 29. f7+ Kxf7 30. Qxh7+ Kf8 31. Qh8+ Kf7 32. Qh7+ Kf6 33. Qxb7
Nxf1 34. Qb6+ Kg7 35. Rxf1 dxc3 36. f5 Qe3+ 37. Kg2 Qe4+ 38. Kg1 Qd4+ 39. Kh1
Qe4+ 40. Kg1 gxf5 41. Qc7+ Kh8 42. Rf4 Qe1+ 43. Rf1 Rg8+ 44. Kh2 Qe2+ 0-1

[Event "4NCL"]
[Site "Barcelo Hotel, Hinkley Island,"]
[Date "2011.01.15"]
[Round "3.31"]
[White "Spencer, Carl J"]
[Black "Goodger, Martyn"]
[Result "1-0"]
[WhiteElo "2166"]
[BlackElo "2096"]
[PlyCount "79"]
[EventDate "2011.??.??"]
[WhiteTeam "Cambridge University 2"]
[BlackTeam "Poisoned Pawns 2"]

1. e4 d5 2. exd5 Qxd5 3. Nc3 Qa5 4. d4 Nf6 5. Nf3 c6 6. Be2 Bf5 7. O-O e6 8.
Bf4 Nbd7 9. a3 Nd5 10. Bd2 Nxc3 11. Bxc3 Qc7 12. Re1 Bd6 13. Bd3 Bg4 14. h3 Bh5
15. d5 cxd5 16. Bxg7 Rg8 17. Bd4 Bg6 18. Bxg6 hxg6 19. Re3 b6 20. Qe2 Bf4 21.
Rc3 Qd6 22. g3 Bh6 23. Ne5 Bg7 24. Rc6 Bxe5 25. Rxd6 Bxd6 26. c4 dxc4 27. Qxc4
Ke7 28. Rc1 Ne5 29. Qe2 Nd7 30. Qa6 Nc5 31. Bxc5 Bxc5 32. b4 Bd6 33. Rc6 Be5
34. Qb5 Kf6 35. Kg2 Rgd8 36. Rc2 Rd5 37. Qa6 Kg7 38. Qb7 Rdd8 39. Re2 Kf6 40.
Qf3+ 1-0

[Event "4NCL"]
[Site "Barcelo Hotel, Hinkley Island,"]
[Date "2011.01.15"]
[Round "3.33"]
[White "Gallagher, Ian G"]
[Black "McEwan, Ken B"]
[Result "1-0"]
[WhiteElo "2090"]
[BlackElo "2139"]
[PlyCount "41"]
[EventDate "2011.??.??"]
[WhiteTeam "Cambridge University 2"]
[BlackTeam "Poisoned Pawns 2"]

1. d4 Nf6 2. Bg5 e6 3. e4 h6 4. Bxf6 Qxf6 5. Nc3 d6 6. Qd2 g5 7. h4 g4 8. f4
gxf3 9. gxf3 Bg7 10. O-O-O Nc6 11. Nge2 Qxf3 12. Rg1 Bf6 13. Bg2 Qh5 14. e5
Bxh4 15. Nf4 Qg5 16. Bxc6+ bxc6 17. Rxg5 Bxg5 18. Ne4 Ba6 19. Nxg5 hxg5 20. Qg2
O-O-O 21. Qxg5 1-0

[Event "4NCL"]
[Site "Barcelo Hotel, Hinkley Island,"]
[Date "2011.01.15"]
[Round "3.35"]
[White "Gooding, Ian"]
[Black "McCorry, Robert T"]
[Result "1-0"]
[WhiteElo "2012"]
[BlackElo "2055"]
[PlyCount "61"]
[EventDate "2011.??.??"]
[WhiteTeam "Cambridge University 2"]
[BlackTeam "Poisoned Pawns 2"]

1. e4 c6 2. c4 d5 3. exd5 cxd5 4. cxd5 Nf6 5. Nc3 Nxd5 6. Nf3 Nc6 7. Bb5 Nxc3
8. bxc3 Bg4 9. O-O e6 10. d4 Be7 11. Qd3 O-O 12. Bxc6 bxc6 13. Ne5 Bf5 14. Qa6
Bd6 15. Ba3 Bxa3 16. Qxa3 Qd5 17. Rfd1 c5 18. c4 Qd6 19. g4 Be4 20. Qe3 f5 21.
f3 cxd4 22. Qxd4 Qxd4+ 23. Rxd4 Bb7 24. Rb1 Bc8 25. g5 Re8 26. a4 Kf8 27. f4
Re7 28. Rd8+ Re8 29. Rbd1 Bb7 30. R8d7 Re7 31. Rxe7 1-0

[Event "4NCL"]
[Site "Barcelo Hotel, Hinkley Island,"]
[Date "2011.01.15"]
[Round "3.36"]
[White "McMahon, Paul"]
[Black "Campbell, Mark C"]
[Result "1-0"]
[WhiteElo "2037"]
[BlackElo "2002"]
[PlyCount "129"]
[EventDate "2011.??.??"]
[WhiteTeam "Poisoned Pawns 2"]
[BlackTeam "Cambridge University 2"]

1. Nc3 d5 2. e4 d4 3. Nce2 e5 4. Ng3 Be6 5. Nf3 f6 6. Bb5+ c6 7. Ba4 Nd7 8. Bb3
Bxb3 9. axb3 Bc5 10. d3 Ne7 11. O-O O-O 12. Nh4 g6 13. Qg4 Kh8 14. f4 exf4 15.
Bxf4 g5 16. Nhf5 Ng6 17. Bd6 Bxd6 18. Nxd6 Nde5 19. Qe6 Nf4 20. Rxf4 gxf4 21.
Nh5 b6 22. Nxf4 Qc7 23. Rf1 Rad8 24. Nf5 Rde8 25. Qd6 Qxd6 26. Nxd6 Re7 27. Nf5
Rd7 28. Ne6 Rff7 29. Nexd4 h5 30. Ne2 Rh7 31. Nh4 Kg7 32. Rf5 Nf7 33. Ng3 Ng5
34. e5 Ne6 35. Rxf6 Nd4 36. Ngf5+ Nxf5 37. Nxf5+ Kg8 38. Rxc6 Rd8 39. d4 Kf8
40. c3 Rf7 41. Ng3 Rd5 42. Nxh5 Ra5 43. Rc8+ Ke7 44. Rc7+ Kf8 45. Rxf7+ Kxf7
46. Nf4 Ra2 47. Nd3 Ra1+ 48. Kf2 Rd1 49. Ke3 Rg1 50. g3 Rg2 51. Nf2 Rxh2 52. b4
Rg2 53. Kf3 Rg1 54. g4 Rb1 55. Nd3 Rd1 56. Ke4 Rg1 57. Kd5 Rxg4 58. Kd6 Ke8 59.
e6 Rg3 60. Nf4 Rg4 61. Nd5 Rg6 62. c4 Kd8 63. c5 bxc5 64. dxc5 Rh6 65. c6 1-0

[Event "4NCL"]
[Site "Barcelo Hotel, Hinkley Island,"]
[Date "2011.01.15"]
[Round "3.37"]
[White "Kreuzer, Christopher RL"]
[Black "Walker, Samuel A"]
[Result "1/2-1/2"]
[WhiteElo "1937"]
[BlackElo "1945"]
[PlyCount "130"]
[EventDate "2011.??.??"]
[WhiteTeam "Cambridge University 2"]
[BlackTeam "Poisoned Pawns 2"]

1. e4 c5 2. Nf3 g6 3. d4 cxd4 4. Nxd4 Nc6 5. Be3 Nf6 6. Nc3 Bg7 7. Be2 O-O 8.
O-O d5 9. exd5 Nxd5 10. Nxd5 Qxd5 11. Bf3 Qa5 12. Nxc6 bxc6 13. c3 Ba6 14. Be2
Rfd8 15. Qc2 Bxe2 16. Qxe2 Rd5 17. h3 Rb8 18. a4 Qc7 19. Qc2 a5 20. Rab1 e5 21.
b4 f5 22. f3 Qd7 23. Rfd1 Rd8 24. Qb3 Qe6 25. Rxd5 cxd5 26. bxa5 e4 27. f4 h6
28. Qb6 Rd6 29. Qb8+ Kh7 30. Rb6 Rxb6 31. Qxb6 Qe8 32. Bd4 Bxd4+ 33. Qxd4 Qc6
34. Qa7+ Kg8 35. Qb8+ Kh7 36. Qa7+ Kg8 37. Qd4 h5 38. a6 Qxa6 39. Qxd5+ Kh7 40.
Qf7+ Kh6 41. Qf8+ Kh7 42. Qe7+ Kg8 43. Qd8+ Kh7 44. Qd7+ Kg8 45. Kf2 Qf6 46.
Qc8+ Kh7 47. Qc7+ Kg8 48. Qb8+ Kh7 49. Qa7+ Kg8 50. Qe3 Qd6 51. a5 Kh7 52. c4
Qa6 53. Qc3 Qd6 54. g3 Qc5+ 55. Ke2 Qg1 56. Qe3 Qa1 57. Qa7+ Kh6 58. Qb8 Qd4
59. Qf8+ Kh7 60. Qf7+ Kh6 61. Qd5 Qb2+ 62. Qd2 Qa3 63. Qe3 Qa2+ 64. Kd1 Qxc4
65. Qa3 Qf1+ 1/2-1/2

[Event "4NCL"]
[Site "Barcelo Hotel, Hinkley Island,"]
[Date "2011.01.15"]
[Round "3.41"]
[White "Williams, Simon K"]
[Black "Shaw, Peter"]
[Result "1/2-1/2"]
[WhiteElo "2513"]
[BlackElo "2164"]
[PlyCount "160"]
[EventDate "2011.??.??"]
[WhiteTeam "Jutes of Kent"]
[BlackTeam "White Rose 2"]

1. d4 d5 2. Bf4 Nf6 3. e3 Bf5 4. Nf3 e6 5. Ne5 Nbd7 6. g4 Nxe5 7. gxf5 Ned7 8.
fxe6 fxe6 9. Nd2 Bd6 10. Bxd6 cxd6 11. Qf3 Qe7 12. O-O-O O-O 13. Qg2 Rac8 14.
Bd3 Rc6 15. Rhg1 Rfc8 16. Kb1 Nf8 17. Qg5 R8c7 18. f4 Qf7 19. Rc1 Kh8 20. Rg3
h6 21. Qh4 Qh5 22. Qxh5 Nxh5 23. Rg2 Rc8 24. Rcg1 R6c7 25. b3 b5 26. a3 a6 27.
Kb2 Nd7 28. Kc1 a5 29. Kd1 b4 30. axb4 axb4 31. Ke2 Ra8 32. Rf1 Nhf6 33. Rgg1
Kg8 34. Ra1 Rca7 35. Rxa7 Rxa7 36. e4 dxe4 37. Nxe4 Nxe4 38. Bxe4 Nf6 39. Bg6
Nd5 40. Rf1 Ne7 41. Bd3 Ra5 42. Kd2 Nf5 43. d5 Rxd5 44. c3 bxc3+ 45. Kxc3 Rc5+
46. Kb2 Ne3 47. Re1 Nd5 48. Rxe6 Nxf4 49. Rxd6 Kf8 50. Bc4 Ke7 51. Rd4 g5 52.
b4 Rc8 53. b5 Rd8 54. Re4+ Kd6 55. Kc3 Kc5 56. Re5+ Kb6 57. Rf5 Rd6 58. Kb4
Nd3+ 59. Bxd3 Rxd3 60. Rf6+ Kb7 61. Rxh6 g4 62. Kc5 Rh3 63. Rb6+ Kc7 64. Rg6
Rxh2 65. Rg7+ Kb8 66. Rg6 Kb7 67. Rg7+ Kb8 68. Kb6 Rh6+ 69. Ka5 Rf6 70. Rxg4
Kb7 71. Rg7+ Kb8 72. Rd7 Rh6 73. Rd4 Kb7 74. Rf4 Rg6 75. Rf5 Rh6 76. b6 Rh1 77.
Rf7+ Kb8 78. Rf4 Ra1+ 79. Kb5 Rb1+ 80. Kc5 Rc1+ 1/2-1/2

[Event "4NCL"]
[Site "Barcelo Hotel, Hinkley Island,"]
[Date "2011.01.15"]
[Round "3.44"]
[White "Webb, Matthew D"]
[Black "Naylor, John"]
[Result "0-1"]
[WhiteElo "2062"]
[BlackElo "2162"]
[PlyCount "63"]
[EventDate "2011.??.??"]
[WhiteTeam "White Rose 2"]
[BlackTeam "Jutes of Kent"]

1. e4 e5 2. d4 exd4 3. Qxd4 Nc6 4. Qe3 g6 5. Nc3 Bg7 6. Bd2 Nge7 7. O-O-O O-O
8. h4 d5 9. Qg3 d4 10. Bf4 dxc3 11. Rxd8 cxb2+ 12. Kb1 Rxd8 13. Bd3 Be6 14. a3
Rd4 15. Ne2 Ra4 16. Bb5 Rxe4 17. f3 Nb4 18. c3 Rxe2 19. Bxe2 Nbd5 20. Be5 Nxc3+
21. Bxc3 Bxc3 22. Bd3 Nd5 23. h5 Bg7 24. hxg6 hxg6 25. Qh4 b5 26. Qh7+ Kf8 27.
Qh8+ Bxh8 28. Rxh8+ Kg7 29. Rxa8 c5 30. Rxa7 c4 31. Be4 c3 32. Bxd5 0-1